Moses and his contemporaries. (Record no. 3733)

000 -LEADER
fixed length control field 00732nam a2200217 a 4500
001 - CONTROL NUMBER
control field :::00001465$&:&@@
003 - CONTROL NUMBER IDENTIFIER
control field OkBaRHE
005 - DATE AND TIME OF LATEST TRANSACTION
control field 20100331161246.0
008 - FIXED-LENGTH DATA ELEMENTS--GENERAL INFORMATION
fixed length control field s1964 j 000 0 eng u
040 ## - CATALOGING SOURCE
Transcribing agency
100 1# - MAIN ENTRY--PERSONAL NAME
Personal name Lindsay, Gordon.
245 10 - TITLE STATEMENT
Title Moses and his contemporaries.
260 ## - PUBLICATION, DISTRIBUTION, ETC. (IMPRINT)
Place of publication, distribution, etc Dallas, TX., :
Name of publisher, distributor, etc Christ For The Nations
Date of publication, distribution, etc 1964
300 ## - PHYSICAL DESCRIPTION
Extent 32 p. ;
Dimensions 23 cm.
490 0# - SERIES STATEMENT
Series statement Through the Bible series, vol. 12.
650 ## - SUBJECT ADDED ENTRY--TOPICAL TERM
Topical term or geographic name as entry element Bible Old Testament Exodus
650 ## - SUBJECT ADDED ENTRY--TOPICAL TERM
Topical term or geographic name as entry element Moses.
942 ## - ADDED ENTRY ELEMENTS (KOHA)
Source of classification or shelving scheme
Koha item type Books
Copies
Withdrawn status Koha item type Not for loan Price effective from Shelving location Lost status Date acquired Barcode Copy number Damaged status Source of classification or shelving scheme Full call number Date last seen Permanent Location
 Books 2010-04-14General Stacks 2010-04-1414651  BS 580 .M6 L512010-04-14RHEMA Bible Training College
 Books 2010-04-14General Stacks 2010-04-14169632  BS 580 .M6 L512010-04-14RHEMA Bible Training College